| 000 | 01095cab a2200217 4500 | ||
|---|---|---|---|
| 001 | ##L133486 | ||
| 008 | 060512n2006 000 0 eng u | ||
| 035 | _a(Sirsi) u133486 | ||
| 041 | 0 | _aeng | |
| 100 | 1 | _aFalconer, Heather | |
| 245 | 0 | 4 | _aThe rise of the eAuction |
| 260 | _c2006 | ||
| 490 | 0 |
_aFacilities Management _v13(8) May 2006, 13-15(3) |
|
| 520 | _aWeighs up the arguments for and against using electronic reverse auctions to buy facilities management services. The debate has been ignited by Article 54 of the EU directive on procurement in the public sector (Directive 2004/18/EC), transposed into UK law as the Public Contracts Regulations 2006 Reg 21, which came into force on 31 January 2006. This regulation is interpreted by some bodies as validation for their position that eAuctions are not suitable for procurement of professional services. | ||
| 590 | _aIKA230506 | ||
| 650 | 2 | 4 | _aPUBLIC CONTRACTS REGULATIONS 2006 REG 21 |
| 650 | 2 | 4 | _aDIRECTIVE 2004/18/EC ART 54 |
| 651 | 4 |
_aEngland and Wales _y1543- |
|
| 690 | _aMANAGEMENT-FACILITIES MANAGEMENT | ||
| 942 | _n0 | ||
| 999 |
_c77034 _d77034 |
||